00457cam a2200157 a 450000500170000001000170001702000250003403500170005903700190007608200060009524500740010126000230017530000280019850000530022670000200027920120109143329.0 aB-477100-125 a9788183282444c95.00 aB-477100-125 bBlue Berry/Ven aS aGwen licky girl /cretold by John W. Kennedy; edited by Marge Kennedy bWisdom Tree c2011 a50p. c20cm(pbk)bill.  aBased on Ben 10 episode #10 by Steven T. Seagle  a Kennedy, Marge